| 000 | 00574nam a2200169 a 4500 | ||
|---|---|---|---|
| 008 | 120416s1976 ||||||||||||||||| || u | ||
| 020 | _a0134612027 | ||
| 050 | _aRC 967 All | ||
| 100 | _aAllen, Robert W | ||
| 245 | 1 | 0 | _aIndustrial hygiene |
| 260 |
_aEnglewood Cliffs, N. J. _bFT Prentice-Hall _c1976 |
||
| 300 | _axvii, 363p. : ill. | ||
| 350 | _a0.00 | ||
| 650 | _aINDUSTRIAL HYGIENE | ||
| 700 | _aHart, Andrew W | ||
| 995 |
_D0.00 _FCBU-MAIN LIBRARY (Kitwe) _H1 _I50.00 _UAVAILABLE _ZMain Library Open Access Collection |
||
| 999 |
_c46724 _d46724 |
||